| 000 | 00939nam a22001817a 4500 | ||
|---|---|---|---|
| 005 | 20190524135116.0 | ||
| 008 | 160517b ch ||||| |||| 00| 0 chi d | ||
| 020 | _a9781553362166 | ||
| 020 | _a1553362160 | ||
| 100 |
_9251 _a江昭揚 Chiang, Chao Young (Solomon) |
||
| 245 |
_a天國的憲章:耶穌登山寶訓的精義 Tian guo de xian zhang : Yesu deng shan bao xun de jing yi = The Constitution of the heavenly kingdom : the true meaning of Jesus' Sermon on the mount {ch} / _c江昭揚 Chiang, Chao Young (Solomon) |
||
| 260 |
_aScarborough, Ontario : _b加拿大恩福協會, _c2013. |
||
| 300 |
_a265 p. ; _c21 cm. |
||
| 520 | _a這是本「研經書」,深入淺出的將耶穌登山寶訓的精髓分解得清晰精湛; 這也是本「靈修書」,讓人在紛亂嚷鬧的社會中得著一股清流。 | ||
| 650 |
_aSermon on the mount _xCommentaries {ch}. |
||
| 700 | _a江昭揚 Zhaoyang Jiang | ||
| 942 |
_2lcc _cBK _02 |
||
| 999 |
_c39860 _d39860 |
||